| 000 | 00470nam a22001697a 4500 | ||
|---|---|---|---|
| 003 | OSt | ||
| 008 | 250328b |||||||| |||| 00| 0 eng d | ||
| 020 | _a9788189866662 | ||
| 082 |
_a621.902 _bSIN/FU |
||
| 100 |
_aSingal, R.K _97355 |
||
| 245 | _aFundamentals of machining and machine tools | ||
| 260 |
_aNew Delhi _bI.K International Publishing House Pvt. Ltd. _c2008 |
||
| 300 | _a370 | ||
| 700 |
_aSingal, Mridul _97356 |
||
| 700 |
_aSingal, Rishi _97357 |
||
| 942 | _cBK | ||
| 999 |
_c13669 _d13669 |
||